CARAKA SAMHITA- HINDI VYAKHYA BHAG-1 (Record no. 7690)

MARC details
000 -LEADER
fixed length control field 00347nam a2200133Ia 4500
082 ## - DEWEY DECIMAL CLASSIFICATION NUMBER
Classification number 615.53
Item number CH 12 S
100 ## - MAIN ENTRY--PERSONAL NAME
Personal name SHASHTRI PANDIT KASHINATH
245 ## - TITLE STATEMENT
Title CARAKA SAMHITA- HINDI VYAKHYA BHAG-1
250 ## - EDITION STATEMENT
Edition statement 1
260 ## - PUBLICATION, DISTRIBUTION, ETC. (IMPRINT)
Name of publisher, distributor, etc CHAUKHAMBHA PUB. NEW DELHI
Year of Publication 2012
300 ## - PAGE DESCRIPTION
No. of Pages 920
942 ## - ADDED ENTRY ELEMENTS (KOHA)
Source of classification or shelving scheme Dewey Decimal Classification
Koha item type Books
942 ## - ADDED ENTRY ELEMENTS (KOHA)
-- 2
Holdings
Withdrawn status Lost status Source of classification or shelving scheme Damaged status Not for loan Collection code Home library Current library Date acquired Vendor Name Cost, normal purchase price Volume Information (Serial or Books or Non-Book Material) SGTU Bill Number Total Checkouts Full call number Accession No. (Barcode) Date last seen Date last borrowed Bill Date Koha item type
    Dewey Decimal Classification     AYURVEDA SGT FA-FP Library SGT FA-FP Library 14/09/2015 CHAUKHAMBHA PUB. NEW DELHI 450.00 1 SGTU CP/B453 6 615.53 CH 12 S FA14 20/12/2024 20/12/2024 27/09/2014 Books
    Dewey Decimal Classification     AYURVEDA SGT FA-FP Library SGT FA-FP Library 14/09/2015 CHAUKHAMBHA PUB. NEW DELHI 450.00 1 SGTU CP/B453 2 615.53 CH 12 S FA15 12/12/2020 06/05/2019 27/09/2014 Books